Výzvy dôchodkového systému v Slovenskej republike
Analýza aktuálnych problémov systému dôchodkového zabezpečenia na Slovensku. Predikcia vývoja a návrhy opatrení zamedzujúcich finančnej kríze systému.
Saved in:
| Main Author: | |
|---|---|
| Other Authors: | |
| Format: | Book Chapter |
| Language: | Slovak |
| Subjects: | |
| Tags: |
No Tags, Be the first to tag this record!
|
MARC
| LEADER | 00000naa$a2200000$$$4500 | ||
|---|---|---|---|
| 001 | 0082916 | ||
| 005 | 20240502083220.9 | ||
| 041 | 0 | |a slo | |
| 044 | |a CZ | ||
| 245 | 1 | 0 | |a Výzvy dôchodkového systému v Slovenskej republike |c Oliver Satmár, Ján Kavec |
| 520 | |a Analýza aktuálnych problémov systému dôchodkového zabezpečenia na Slovensku. Predikcia vývoja a návrhy opatrení zamedzujúcich finančnej kríze systému. | ||
| 610 | 2 | 0 | |a systémy dôchodkové |
| 610 | 2 | 0 | |a Slovensko |
| 610 | 2 | 0 | |a reformy dôchodkové |
| 610 | 2 | 0 | |a poistenie dôchodkové |
| 610 | 2 | 0 | |a sporenie dôchodkové |
| 100 | 1 | |a Satmár, Oliver | |
| 700 | 1 | |a Kavec, Ján | |